1810 memorias de un voluntario de la patria vieja
Guardat en:
| Autor principal: | |
|---|---|
| Format: | Llibre |
| Idioma: | espanyol |
| Publicat: |
Santiago
Universitaria
1971
|
| Matèries: | |
| Etiquetes: |
Afegir etiqueta
Sense etiquetes, Sigues el primer a etiquetar aquest registre!
|
MARC
| LEADER | 00000nam a2200000 a 4500 | ||
|---|---|---|---|
| 001 | UCQ6922 | ||
| 003 | CL-VaPUC | ||
| 008 | 981023e19710000CL |||||||||||||||||spa|d | ||
| 082 | 0 | 4 | |a Ch863 |b ORR |2 21 |
| 100 | |a Orrego Luco, Luis |e autor |9 331914 | ||
| 245 | 1 | 0 | |a 1810 memorias de un voluntario de la patria vieja |
| 300 | |a 181 p | ||
| 942 | |c BK | ||
| 945 | |d 19981023 00:00:00 |a crobeson | ||
| 260 | |a Santiago |b Universitaria |c 1971 | ||
| 650 | 0 | |a Novelas chilenas |9 265425 | |
| 650 | 0 | |a Literatura chilena |9 308278 | |
| 583 | |a last modification |c 19981023 00:00:00 |k Rodrigo Vera | ||
| 999 | |c 276819 |d 276817 | ||
| 952 | |0 0 |1 0 |4 0 |6 CH_863_000000000000000_ORR_1971 |7 0 |8 A |9 314303 |a BIBEDU |b BIBEDU |d 2019-11-20 |i 1486357 |o Ch863 ORR 1971 |p 1486357 |r 2019-11-20 |w 2019-11-20 |y BK |k LIT | ||
| 952 | |0 0 |1 0 |4 0 |6 CH_863_000000000000000_ORR_1971 |7 0 |8 A |9 314304 |a BIBEDU |b BIBEDU |d 2019-11-20 |i 1486365 |o Ch863 ORR 1971 |p 1486365 |r 2019-11-20 |w 2019-11-20 |y BK |k LIT | ||
| 952 | |0 0 |1 0 |4 0 |6 CH_863_000000000000000_ORR_1971 |7 0 |8 A |9 314305 |a BIBHIS |b BIBHIS |d 2019-11-20 |i 1362100 |o Ch863 ORR 1971 |p 1362100 |r 2025-01-20 |w 2019-11-20 |y BK |k HIS | ||